000 00332nam a22001217a 4500
082 _a823
_bROW/H
100 _aROWLING j k
245 _aHARRY POTTER AND THE DEATHLY HALLOWS
246 _aHARRY POTTER AND THE DEATHLY HALLOWS
_bHARRY POTTER AND THE DEATHLY HALLOWS
260 _aLONDON
_bBLOOMSBURY
_c2014
300 _a613
942 _cBK
999 _c8316
_d8316